000 00263nam a22001217a 4500
008 170308b xxu||||| |||| 00| 0 eng d
041 _aeng
080 _28 ED
_a611
100 _a6
101 _aSHM
245 _aANATOMY PHYSIOLOGY
_cMARTINI.F.H
942 _2udc
_cBK
999 _c7251
_d7251